Statistics for Taylor Swift - Jump Then Fall Lyrics

Click here to take the quiz!

General Stats

  • This quiz has been taken 62 times
  • The average score is 325 of 383

Answer Stats

Answer% Correct
fall
100%
I
100%
jump
100%
Jump
100%
The
100%
the
100%
then
100%
a
97%
in
97%
So
97%
so
97%
me
94%
to
94%
You
94%
you
94%
all
91%
be
91%
I'm
91%
i'm
91%
into
91%
baby
88%
Baby
88%
ever
88%
it
88%
too
88%
way
88%
When
88%
when
88%
your
88%
And
85%
and
85%
'Cause
85%
every
85%
for
85%
hear
85%
I'll
85%
i'll
85%
is
85%
like
85%
oh
85%
time
85%
"We
85%
best
82%
have
82%
mornin'
82%
Say
82%
say
82%
sound
82%
together"
82%
wanna
82%
with
82%
you're
82%
afraid
79%
Don't
79%
feelin'
79%
gonna
79%
never
79%
on
79%
phone
79%
shine
79%
should
79%
smile
79%
that
79%
think
79%
warnin'
79%
We're
79%
Woah
79%
can
76%
heard
76%
leave
76%
my
76%
without
76%
everything
74%
face
74%
freckle
74%
hair
74%
laugh
74%
love
74%
realize
74%
wanted
74%
But
71%
but
71%
can't
71%
catch
71%
falls
71%
I've
71%
yeah
71%
breathe
68%
closer"
68%
come
68%
"come
68%
deep
68%
each
68%
Everytime
68%
got
68%
had
68%
here
68%
honey
68%
keep
68%
Take
68%
talk
68%
through
68%
up
68%
been
65%
could
65%
didn't
65%
focus
65%
keys
65%
mad
65%
need
65%
notice
65%
over
65%
stay
65%
watch
65%
wrapped
65%
cry
62%
out
62%
show
62%
feet
59%
knees
59%
things
59%
well
59%
words
59%
hold
56%
people
56%
please
56%
under
56%
until
56%
bring
53%
from
53%
night
53%
our
53%
I'ma
50%
drop
44%
bottom's
41%
Huh
29%

Score Distribution

Percentile by Number Answered

Percent of People with Each Score

Your Score History

You have not taken this quiz